000 00739nam a2200205 a 4500
005 20260112063254.0
020 _a9781562865511
020 _a156286551X
039 _a202109291420
_bstaff
_c201302111328
_d staff
_c201302111327
_d staff
_c201005312220
_d staff
_y 201005312216
_z staff
082 _a658.3124
_bHOF [ Shelf 78]
100 _aHofmann, Jennifer.
245 _aTailored learning :
_bdesigning the blend that fits /
_cJennifer Hofmann, Nanette Miner.
260 _aAlexandria, VA :
_bASTD Press,
_c2009.
300 _a210p.
_c25cm.
650 _aHuman Resource Management
650 _aTraining and Development
991 _aVIRTUA40
991 _aVTLSSORT0080*0200*0201*0820*1000*2450*2600*3000*6500*6501*9992
909 _a2892
999 _c2684
_d2684